Cuentos de Canterbury

保存先:
書誌詳細
第一著者: Chaucer, Geoffrey ca. 1343-1400 (著者)
フォーマット: 図書
言語:スペイン語
出版事項: Pamplona Salvat 1971
シリーズ:Biblioteca Básica Salvat
主題:
タグ: タグ追加
タグなし, このレコードへの初めてのタグを付けませんか!

MARC

LEADER 00000nam a2200000 a 4500
001 UCQ0357
003 CL-VaPUC
008 980627e19710000SP |||||||||||||||||spa|d
082 0 4 |a 823  |b CHA  |2 21 
100 |a Chaucer, Geoffrey   |d ca. 1343-1400  |e author  |9 308260 
245 1 0 |a Cuentos de Canterbury 
300 |a 183 p 
942 |c BK 
945 |d 19980627 00:00:00  |a crobeson 
260 |a Pamplona  |b Salvat  |c 1971 
650 0 |a Cuentos ingleses  |9 265135 
650 7 |a LITERATURA INFANTIL INGLESA  |2 CL-VaPUC  |9 308261 
650 0 |a Adaptación   |9 269588 
583 |a last modification  |c 20180511 12:28:50  |k Rodrigo Vera 
490 0 |a Biblioteca Básica Salvat 
999 |c 271491  |d 271489 
952 |0 0  |1 0  |4 0  |6 823_000000000000000_CHA_1971  |7 0  |8 A  |9 306167  |a BIBEDU  |b BIBEDU  |d 2019-11-20  |i 1424130  |o 823 CHA 1971  |p 1424130  |r 2019-11-20  |w 2019-11-20  |y BK  |k LIT